000 00743nam a22002057a 4500
999 _c178670
_d178670
005 20210409155110.0
010 _aENG-129424
020 _c995.00
_a978-93-88016-50-6
035 _aEN-112956
037 _bDBAD/PUB
082 _a362.4
100 _aMishra, Premananda
245 _aIntroduction to Disabilities/
_bPremananda Mishra, K. Srinivas Reddy and K. Sridevi
260 _aNew Delhi
_bNeelkamal Publications
_c2019
270 _a4764/1, 23, Ansari Road, Daryaganj
_bNew Delhi
_e110002
_k011-23244237, 98118-28953
_mneelkamalbooks@gmail.com
300 _axv+296p.
_c24cm(hbk)
_bincluding bibliographical references, index.
700 _aK. Sridevi
700 _aReddy, K. Srinivas
942 _2ddc
_cEN
_h362.4
_mMIS